banner-ar

المثل السياسية / (Record no. 66250)

MARC details
000 -الفاتح
حقل البيانات ثابتة الطول 01065nam a22002657a 4500
005 - وقت وتاريخ اخر تعامل مع التسجيلة
رقم الضبط 20240530110908.0
008 - عناصر البيانات ثابتة الطول - معلومات عامة
حقل البيانات ثابتة الطول 220303s2007 ua g 000 0 ara d
017 ## - رقم الايداع القانونى
رقم الايداع القانونى 2007/17634
المصدر ( الهيئة المختصة) مصر. دار الكتب
020 ## - الرقم الدولى المعيارى للكتب
الرقم الدولى المعيارى للكتاب 9774374487
040 ## - مصدر الفهرسة
وكالة الفهرسة الأصلية EG-CaGPL
وكالة النسخ EG-CaGPL
082 04 - رقم تصنيف ديوى العشرى
رقم الطبعة 21
رقم التصنيف 320.01/
رقم المادة ب م
100 1# - المدخل الرئيسى - إسم شخصى
الإسم الشخصى بيرنز، دليل
245 12 - بيان العنوان
العنوان المثل السياسية /
بيان المسئوليه,etc تاليف دليل بيرنز ؛ ترجمة لويس اسكندر ؛ مراجعة محمد انيس
260 ## - PUBLICATION, DISTRIBUTION, ETC. (IMPRINT)
تاريخ النشر أو التوزيع 2007.
300 ## - الوصف المادى
التعداد 395 ص. ؛
أبعاد الوعاء 24 سم.
490 0# - بيان السلسلة
عنوان السلسلة المشروع القومى للترجمة : سلسلة ميراث الترجمة ؛
رقم المجلد/ التعيين التسلسلي 1134.
650 07 - المدخل الاضافى بالموضوع-مصطلح موضوعى
مصدر الرأس أو المصطلح qrmak
مصطلح موضوعي الاحوال السياسية
650 07 - المدخل الاضافى بالموضوع-مصطلح موضوعى
مصدر الرأس أو المصطلح qrmak
مصطلح موضوعي السياسة
التقسيم الفرعي العام نظريات
650 07 - المدخل الاضافى بالموضوع-مصطلح موضوعى
مصدر الرأس أو المصطلح qrmak
مصطلح موضوعي الممارسة السياسية
651 ## - المدخل الاضافى بالموضوع - اسم جغرافى
مصدر الرأس أو المصطلح qrmak
700 0# - المدخل الاضافى - اسم شخصى
الإسم الشخصى لويس اسكندر
الدور مترجم
700 0# - المدخل الاضافى - اسم شخصى
الإسم الشخصى محمد انيس
الدور مراجع
942 ## - عناصر المدخل الإضافي( كوها)
مصدر التصنيف او مخطط الترفيف Dewey Decimal Classification
Koha [default] item type كتاب
260 ## - PUBLICATION, DISTRIBUTION, ETC. (IMPRINT)
-- القاهرة :
-- المركز القومى للترجمة ،
Holdings
حالة التراجع حالة الفقد حالة تلف ليس للاعارة المكان المؤقت الموقع الحالى موقع الترفيف تاريخ الاكتساب اجمالي اﻻعارات رقم الطلب الباركود تاريخ اخر مشاهدة تاريخ تفعيل السعر نوع وعاء كوها
        مكتبة القاهرة الكبرى مكتبة القاهرة الكبرى ق الرئيسية_العلوم الاجتماعية_ك عربى 03/03/2022   320.01/ ب م 167530 03/03/2022 03/03/2022 كتاب

Powered By

EGPV